[Event "Canadian Open ch 2007"]
[Site "Ottawa CAN"]
[Date "2007.07.14"]
[Round "9"]
[White "Barron, Michael"]
[Black "Kuryliw, Ray"]
[Result "1-0"]
[WhiteElo "2305"]
[BlackElo "2109"]
[PlyCount "59"]
[EventDate "2007.07.07"]
[EventType "swiss"]
[EventRounds "9"]
[EventCountry "CAN"]
[Source "lmi"]
[SourceDate "2007.07.07"]

1. e4 e6 2. d4 d5 3. Nd2 Nf6 4. e5 Nfd7 5. f4 c5 6. c3 Nc6 7. Ndf3 cxd4 8. Nxd4
Nxd4 9. cxd4 Be7 10. Nf3 O-O 11. Bd3 f5 12. O-O Kh8 13. h3 Rg8 14. g4 g6 15.
Be3 Nf8 16. Qe2 Bd7 17. Rf2 Kg7 18. Kh1 Bc6 19. Rg1 Kf7 20. Rfg2 Qd7 21. Bf2 a6
22. Qe1 Bb5 23. Bb1 Rh8 24. Bh4 Qd8 25. Bxe7 Kxe7 26. gxf5 Kd7 27. fxe6+ Nxe6
28. f5 Nf4 29. e6+ Kc6 30. Qc1+ 1-0

[Event "Canadian Open ch 2007"]
[Site "Ottawa CAN"]
[Date "2007.07.14"]
[Round "9"]
[White "Predescu, Sebastian"]
[Black "Brousseau, Yvan"]
[Result "1-0"]
[WhiteElo "2277"]
[BlackElo "2084"]
[PlyCount "83"]
[EventDate "2007.07.07"]
[EventType "swiss"]
[EventRounds "9"]
[EventCountry "CAN"]
[Source "lmi"]
[SourceDate "2007.07.07"]

1. e4 b6 2. d4 Bb7 3. Nc3 e6 4. Be3 Bb4 5. f3 d5 6. e5 c5 7. Nge2 Nc6 8. Qd2
cxd4 9. Bxd4 Nxd4 10. Qxd4 Bc5 11. Qg4 g6 12. Nd4 a6 13. Bd3 Nh6 14. Qf4 g5 15.
Qe3 Bb4 16. h4 Nf5 17. Bxf5 exf5 18. hxg5 Qc7 19. Nxf5 O-O-O 20. Nd4 Rde8 21.
f4 Kb8 22. Rh6 Bf8 23. Rh3 Bg7 24. O-O-O f6 25. gxf6 Bxf6 26. Qd3 Bg7 27. Nf5
Bf8 28. Nxd5 Qc6 29. Nf6 Rc8 30. Ne3 Qa4 31. Qd4 Qc6 32. Nd7+ Ka7 33. Nxf8
Rcxf8 34. Nc4 Rd8 35. Nd6 Qxg2 36. Rb3 Qc6 37. a4 a5 38. Rc3 Qg2 39. Rc7 Rb8
40. Rg1 Qe2 41. Nc4 Rhd8 42. Qxb6+ 1-0

[Event "Canadian Open ch 2007"]
[Site "Ottawa CAN"]
[Date "2007.07.14"]
[Round "9"]
[White "Bao Trinh, Tri"]
[Black "van Dijk, Timon"]
[Result "0-1"]
[WhiteElo "2063"]
[BlackElo "2274"]
[PlyCount "68"]
[EventDate "2007.07.07"]
[EventType "swiss"]
[EventRounds "9"]
[EventCountry "CAN"]
[Source "lmi"]
[SourceDate "2007.07.07"]

1. c4 e6 2. Nf3 Nf6 3. g3 d5 4. Bg2 Nc6 5. cxd5 exd5 6. d4 h6 7. Nc3 Bf5 8. O-O
Be7 9. Qb3 Na5 10. Qa4+ c6 11. Ne5 b5 12. Nxb5 Rb8 13. Nc3 Rb4 14. Qd1 Qb6 15.
e3 Qb8 16. b3 Rb7 17. Bd2 Bb4 18. Na4 Ne4 19. Bxe4 Bxe4 20. Bxb4 Rxb4 21. Nc5
Qc8 22. Nxe4 dxe4 23. Nxf7 Kxf7 24. Qh5+ Kg8 25. Qxa5 Rb5 26. Qd2 h5 27. Qc2
Qg4 28. Qc4+ Kh7 29. Qf7 Rf5 30. Qe7 Rf6 31. h4 Rhf8 32. Kg2 R8f7 33. Qe5 Rf5
34. Qd6 Qe2 0-1

[Event "Canadian Open ch 2007"]
[Site "Ottawa CAN"]
[Date "2007.07.14"]
[Round "9"]
[White "Henry, Liam"]
[Black "Aird, Ian"]
[Result "1-0"]
[WhiteElo "2274"]
[BlackElo "2048"]
[PlyCount "37"]
[EventDate "2007.07.07"]
[EventType "swiss"]
[EventRounds "9"]
[EventCountry "CAN"]
[Source "lmi"]
[SourceDate "2007.07.07"]

1. e4 e6 2. d4 d5 3. Nc3 Nf6 4. Bg5 Be7 5. e5 Nfd7 6. Bxe7 Qxe7 7. f4 O-O 8.
Nf3 c5 9. Bd3 f6 10. dxc5 Nc6 11. Qe2 Nxc5 12. O-O-O Nxd3+ 13. Qxd3 fxe5 14.
fxe5 Bd7 15. h4 a6 16. Ng5 g6 17. Nxd5 exd5 18. Qxd5+ Kh8 19. Qxd7 1-0

[Event "Canadian Open ch 2007"]
[Site "Ottawa CAN"]
[Date "2007.07.14"]
[Round "9"]
[White "Kaminski, Victor"]
[Black "Sundar, Avinaash"]
[Result "1-0"]
[WhiteElo "2266"]
[BlackElo "2081"]
[PlyCount "81"]
[EventDate "2007.07.07"]
[EventType "swiss"]
[EventRounds "9"]
[EventCountry "CAN"]
[Source "lmi"]
[SourceDate "2007.07.07"]

1. c4 c5 2. Nc3 Nc6 3. g3 g6 4. Bg2 Bg7 5. e3 Nf6 6. Nge2 d6 7. d4 cxd4 8. exd4
O-O 9. O-O Bf5 10. h3 Rc8 11. b3 a6 12. Be3 Qa5 13. a3 Qd8 14. b4 b6 15. g4 Bd7
16. Rc1 Nb8 17. Qb3 Bc6 18. d5 Ba8 19. Nd4 Qc7 20. g5 Nh5 21. Ne4 Qd7 22. f4 b5
23. c5 dxc5 24. Nxc5 Qd6 25. Ne2 Rfd8 26. Rfd1 Nd7 27. Bf3 Nb6 28. Ne4 Qb8 29.
Rxc8 Nxc8 30. Nc5 Qd6 31. Ne4 Qb8 32. Bxh5 gxh5 33. N2g3 Nb6 34. Nf5 Kf8 35. d6
e6 36. Nxg7 Nc4 37. Qc3 e5 38. fxe5 Bxe4 39. e6 Rxd6 40. Bc5 Qc7 41. Bxd6+ 1-0

[Event "Canadian Open ch 2007"]
[Site "Ottawa CAN"]
[Date "2007.07.14"]
[Round "9"]
[White "Voloaca, Mihnea"]
[Black "Mac Kinnon, Keith"]
[Result "1-0"]
[WhiteElo "2263"]
[BlackElo "1914"]
[PlyCount "53"]
[EventDate "2007.07.07"]
[EventType "swiss"]
[EventRounds "9"]
[EventCountry "CAN"]
[Source "lmi"]
[SourceDate "2007.07.07"]

1. d4 Nf6 2. Nf3 g6 3. c4 Bg7 4. Nc3 O-O 5. Bg5 d6 6. e3 c5 7. Be2 Nbd7 8. d5
a6 9. h3 Ne8 10. O-O Ndf6 11. e4 e6 12. dxe6 Bxe6 13. Qd2 Qb6 14. Rad1 Qb4 15.
a3 Qb3 16. Qc1 h6 17. Be3 Qb6 18. b4 Qc6 19. Nd5 Kh7 20. b5 axb5 21. cxb5 Qc8
22. Nb6 Qd8 23. Nxa8 Qxa8 24. e5 dxe5 25. Bxc5 e4 26. Bxf8 exf3 27. Bxg7 1-0

[Event "Canadian Open ch 2007"]
[Site "Ottawa CAN"]
[Date "2007.07.14"]
[Round "9"]
[White "Saint Amand, Paul"]
[Black "Armstrong, Robert"]
[Result "1-0"]
[WhiteElo "2200"]
[BlackElo "1763"]
[PlyCount "93"]
[EventDate "2007.07.07"]
[EventType "swiss"]
[EventRounds "9"]
[EventCountry "CAN"]
[Source "lmi"]
[SourceDate "2007.07.07"]

1. e4 g6 2. d4 Bg7 3. Nc3 d6 4. f4 Nf6 5. Nf3 O-O 6. Bd3 c5 7. dxc5 dxc5 8. e5
Nd5 9. Nxd5 Qxd5 10. Qe2 Qc6 11. O-O e6 12. Be3 Qc7 13. Rfd1 b6 14. Be4 Bb7 15.
Bf2 Na6 16. c3 Rad8 17. Bh4 Rxd1+ 18. Rxd1 Bxe4 19. Qxe4 c4 20. Bf2 Rc8 21. Qd4
Bf8 22. Kf1 Be7 23. Qe4 b5 24. Rd2 Bc5 25. Ne1 Bxf2 26. Kxf2 Nc5 27. Qe3 Qc6
28. Rd4 a5 29. Qf3 b4 30. Qxc6 Rxc6 31. cxb4 axb4 32. Ke3 Na4 33. b3 cxb3 34.
axb3 Rc3+ 35. Rd3 Nc5 36. Rxc3 bxc3 37. b4 Nb7 38. Kd3 Kf8 39. Kxc3 Ke7 40. Kc4
Kd7 41. Nf3 h5 42. Kb5 Kc7 43. Ka6 Nd8 44. b5 Kb8 45. Nd4 Nb7 46. Kb6 Kc8 47.
Nc6 1-0

[Event "Canadian Open ch 2007"]
[Site "Ottawa CAN"]
[Date "2007.07.15"]
[Round "10"]
[White "Short, Nigel"]
[Black "Likavsky, Tomas"]
[Result "1-0"]
[WhiteElo "2683"]
[BlackElo "2494"]
[PlyCount "123"]
[EventDate "2007.07.07"]
[EventType "swiss"]
[EventRounds "9"]
[EventCountry "CAN"]
[Source "lmi"]
[SourceDate "2007.07.07"]

1. e4 c5 2. Nf3 d6 3. d4 cxd4 4. Nxd4 Nf6 5. Nc3 Nc6 6. Bg5 e6 7. Qd2 Be7 8.
O-O-O Qb6 9. Bc4 Qxd4 10. Qxd4 Nxd4 11. Rxd4 a6 12. Bb3 Bd7 13. Rhd1 Bc6 14. f3
Rd8 15. R4d2 h6 16. Bf4 Nh5 17. Be3 Bg5 18. Re1 Bxe3 19. Rxe3 g5 20. Ne2 Nf4
21. Nd4 Bd7 22. g3 Nh5 23. e5 dxe5 24. Rxe5 Nf6 25. c3 Kf8 26. a4 Rc8 27. a5
Be8 28. Ba2 Nd7 29. Re3 Nb8 30. b4 Nc6 31. Kb2 Nxd4 32. Rxd4 Bc6 33. c4 Ke7 34.
Kc3 h5 35. Bb3 h4 36. g4 Rh6 37. Bc2 Rf6 38. Be4 Bxe4 39. Rdxe4 Rd8 40. Rd4
Rxd4 41. Kxd4 Kd6 42. Rd3 Rf4+ 43. Ke3+ Ke5 44. Rc3 Rd4 45. b5 Rd1 46. bxa6
bxa6 47. c5 Rd8 48. c6 Kd6 49. f4 gxf4+ 50. Kxf4 Kc7 51. Kg5 f5 52. gxf5 Rd5
53. Kxh4 Rxf5 54. Kg4 Rxa5 55. h4 Rb5 56. h5 Rb8 57. h6 a5 58. Kh5 a4 59. h7 a3
60. Rxa3 Kxc6 61. Rg3 Rh8 62. Kh6 1-0

[Event "Canadian Open ch 2007"]
[Site "Ottawa CAN"]
[Date "2007.07.15"]
[Round "10"]
[White "Bluvshtein, Mark"]
[Black "Hoang Thong, Tu"]
[Result "1/2-1/2"]
[WhiteElo "2520"]
[BlackElo "2483"]
[PlyCount "86"]
[EventDate "2007.07.07"]
[EventType "swiss"]
[EventRounds "9"]
[EventCountry "CAN"]
[Source "lmi"]
[SourceDate "2007.07.07"]

1. d4 e6 2. c4 Bb4+ 3. Bd2 Qe7 4. Nf3 Nf6 5. g3 O-O 6. Bg2 Bxd2+ 7. Qxd2 d6 8.
Nc3 c6 9. O-O e5 10. e4 Re8 11. Rfe1 Na6 12. h3 Nc7 13. Rad1 b6 14. Nh4 g6 15.
Kh2 Nh5 16. Nf3 Rb8 17. b4 f6 18. d5 c5 19. a3 Bd7 20. Rb1 Qf8 21. Ng1 Kh8 22.
Nge2 f5 23. bxc5 bxc5 24. exf5 gxf5 25. Rxb8 Rxb8 26. Rb1 Rxb1 27. Nxb1 Na8 28.
f4 Nb6 29. fxe5 dxe5 30. Qc3 Qf6 31. Nd2 Na4 32. Qe3 f4 33. gxf4 Nxf4 34. Nf3
Ng6 35. Ng3 Qf4 36. Qxf4 exf4 37. Nh5 Bf5 38. Nd2 Nb6 39. Be4 Bxe4 40. Nxe4
Nxc4 41. d6 Nge5 42. Nxf4 Nd7 43. Ne6 Kg8 1/2-1/2

[Event "Canadian Open ch 2007"]
[Site "Ottawa CAN"]
[Date "2007.07.15"]
[Round "10"]
[White "Sambuev, Bator"]
[Black "Howell, David"]
[Result "1-0"]
[WhiteElo "2482"]
[BlackElo "2519"]
[PlyCount "83"]
[EventDate "2007.07.07"]
[EventType "swiss"]
[EventRounds "9"]
[EventCountry "CAN"]
[Source "lmi"]
[SourceDate "2007.07.07"]

1. Nf3 b5 2. e3 a6 3. d4 Bb7 4. Bd3 d6 5. a4 b4 6. O-O Nd7 7. e4 g6 8. c3 bxc3
9. bxc3 Bg7 10. Ng5 e6 11. f4 h6 12. Nxf7 Kxf7 13. f5 gxf5 14. exf5 Ndf6 15.
fxe6+ Ke7 16. Ra2 c5 17. dxc5 dxc5 18. Ba3 Rc8 19. Rd2 Qb6 20. Bf5 Bc6 21. Qe1
Rc7 22. Qg3 Kf8 23. Qd6+ Ne7 24. Qd8+ Be8 25. Rd7 Nxf5 26. Qxc7 Qxe6 27. Qxc5+
Kg8 28. Rd8 Nh4 29. Qf2 Ng6 30. Rd6 Qb3 31. Rxf6 Bxf6 32. Qxf6 Kh7 33. Bc5 Qxa4
34. Nd2 Rg8 35. Qe6 Qc6 36. Rf7+ Rg7 37. Rxg7+ Kxg7 38. Bd4+ Kh7 39. Qf5 Qd7
40. Qf6 Qb7 41. h4 Qe7 42. Ne4 1-0

[Event "Canadian Open ch 2007"]
[Site "Ottawa CAN"]
[Date "2007.07.15"]
[Round "10"]
[White "Gerzhoy, Leonid"]
[Black "Atalik, Suat"]
[Result "1/2-1/2"]
[WhiteElo "2409"]
[BlackElo "2564"]
[PlyCount "60"]
[EventDate "2007.07.07"]
[EventType "swiss"]
[EventRounds "9"]
[EventCountry "CAN"]
[Source "lmi"]
[SourceDate "2007.07.07"]

1. d4 d5 2. c4 c6 3. Nc3 Nf6 4. e3 a6 5. Nf3 b5 6. c5 g6 7. Bd2 Ne4 8. Bd3 Nxd2
9. Qxd2 Bg7 10. e4 Bg4 11. e5 Bxf3 12. gxf3 e6 13. Ne2 a5 14. h4 h5 15. f4 a4
16. O-O-O Bh6 17. Ng1 Qa5 18. Nh3 Qxd2+ 19. Kxd2 b4 20. Ng5 Bxg5 21. fxg5 Nd7
22. f4 Ke7 23. Rc1 Rhb8 24. Ke3 a3 25. b3 Rh8 26. Kd2 Rag8 27. Ke3 Nf8 28. Kd2
Kd7 29. Ke3 Rg7 30. Kd2 Ke7 1/2-1/2

[Event "Canadian Open ch 2007"]
[Site "Ottawa CAN"]
[Date "2007.07.15"]
[Round "10"]
[White "Kunte, Abhijit"]
[Black "Reeve, Jeff"]
[Result "1-0"]
[WhiteElo "2519"]
[BlackElo "2304"]
[PlyCount "53"]
[EventDate "2007.07.07"]
[EventType "swiss"]
[EventRounds "9"]
[EventCountry "CAN"]
[Source "lmi"]
[SourceDate "2007.07.07"]

1. d4 Nf6 2. c4 c5 3. d5 e6 4. Nc3 exd5 5. cxd5 Bd6 6. Nf3 Bc7 7. Bg5 d6 8. Nd2
h6 9. Bh4 O-O 10. e4 a6 11. a4 Re8 12. Bd3 Nbd7 13. O-O Rb8 14. f4 Nf8 15. e5
dxe5 16. Nde4 Ng6 17. Nxf6+ gxf6 18. Bxg6 fxg6 19. Ne4 Rf8 20. d6 Bb6 21. fxe5
g5 22. Nxf6+ Rxf6 23. Rxf6 gxh4 24. Qh5 c4+ 25. Kh1 Be3 26. Qg6+ Kh8 27. Rf7
1-0

[Event "Canadian Open ch 2007"]
[Site "Ottawa CAN"]
[Date "2007.07.15"]
[Round "10"]
[White "Day, Lawrence"]
[Black "Reprintsev, Alexander"]
[Result "0-1"]
[WhiteElo "2280"]
[BlackElo "2410"]
[PlyCount "118"]
[EventDate "2007.07.07"]
[EventType "swiss"]
[EventRounds "9"]
[EventCountry "CAN"]
[Source "lmi"]
[SourceDate "2007.07.07"]

1. e4 d5 2. exd5 Qxd5 3. Nc3 Qa5 4. Bc4 Nf6 5. Nf3 Nc6 6. h3 Ne5 7. Bb5+ c6 8.
Nxe5 cxb5 9. Qe2 b4 10. Nc4 Qd8 11. Nd1 e6 12. b3 Be7 13. Bb2 O-O 14. Nde3 b5
15. Ne5 Qb6 16. N5g4 Ne8 17. f4 f5 18. Ne5 Bh4+ 19. Kd1 Nd6 20. g3 Bf6 21. d3
Rd8 22. Kc1 Bb7 23. Rf1 Rac8 24. Kb1 a5 25. a3 bxa3 26. Rxa3 a4 27. b4 Qc7 28.
Nd1 Qe7 29. Re1 Ne8 30. c3 Nc7 31. Nf2 Nd5 32. Qd2 Rc7 33. h4 Rdc8 34. Nd1 Nb6
35. Qe2 Bd5 36. Qf2 Qd6 37. Qd4 Rb7 38. Ne3 Qc7 39. Nxd5 Nxd5 40. Rc1 Rd8 41.
Re1 Rb6 42. Qc5 Qb7 43. Qf2 Rbd6 44. Bc1 Bxe5 45. fxe5 Rc6 46. Bd2 Qc7 47. Kb2
Nb6 48. Kc2 Rd5 49. Be3 Nd7 50. Bd4 Nxe5 51. Qf4 Nf3 52. Qxf3 Rxd4 53. Kd2 Rg4
54. Re3 h5 55. d4 Qd6 56. Kd3 Rc8 57. Re5 Rxc3+ 58. Rxc3 Qxd4+ 59. Kc2 Qxe5 0-1

[Event "Canadian Open ch 2007"]
[Site "Ottawa CAN"]
[Date "2007.07.15"]
[Round "10"]
[White "Bradford, Joe"]
[Black "Huber, Greg"]
[Result "1-0"]
[WhiteElo "2406"]
[BlackElo "2284"]
[PlyCount "117"]
[EventDate "2007.07.07"]
[EventType "swiss"]
[EventRounds "9"]
[EventCountry "CAN"]
[Source "lmi"]
[SourceDate "2007.07.07"]

1. Nf3 c5 2. c4 Nf6 3. g3 b6 4. Bg2 Bb7 5. O-O e6 6. Nc3 Be7 7. Re1 d6 8. e4 a6
9. d4 cxd4 10. Nxd4 Qc7 11. Bg5 O-O 12. Rc1 h6 13. Be3 Nbd7 14. f4 Rfe8 15. b3
Bf8 16. h3 g6 17. Qd2 h5 18. f5 Rad8 19. fxg6 fxg6 20. Bg5 Bg7 21. Qf2 Qc5 22.
Be3 Qc8 23. Qd2 Nc5 24. Bg5 e5 25. Nc2 a5 26. Nd5 Bxd5 27. cxd5 Rd7 28. Na3 Rf7
29. Qe2 Ref8 30. Qb5 Nfxe4 31. Rxe4 Qf5 32. Rxc5 bxc5 33. Be3 Kh7 34. Qe2 Bh6
35. Bxh6 Kxh6 36. Nc4 Qd7 37. Qd2+ Kh7 38. Re2 h4 39. Qg5 hxg3 40. Qxg3 Rf4 41.
Nd2 Qb5 42. Qe3 R8f5 43. Ne4 Qd7 44. Qg3 Qd8 45. Kh2 Kg7 46. Rc2 Kh6 47. Rc4
Qf8 48. Ra4 Qd8 49. Qe1 Rh4 50. Rxa5 Rff4 51. Ra4 g5 52. Qe3 Qf8 53. Ra6 Rxe4
54. Bxe4 Rxe4 55. Qxe4 Qf2+ 56. Qg2 Qf4+ 57. Kg1 Qd4+ 58. Qf2 Qd1+ 59. Kh2 1-0

[Event "Canadian Open ch 2007"]
[Site "Ottawa CAN"]
[Date "2007.07.15"]
[Round "10"]
[White "Plotkin, Victor"]
[Black "Rensch, Daniel"]
[Result "0-1"]
[WhiteElo "2253"]
[BlackElo "2400"]
[PlyCount "124"]
[EventDate "2007.07.07"]
[EventType "swiss"]
[EventRounds "9"]
[EventCountry "CAN"]
[Source "lmi"]
[SourceDate "2007.07.07"]

1. e4 c5 2. c3 d6 3. d4 Nf6 4. Bd3 Qc7 5. Nf3 Nbd7 6. O-O e6 7. Bf4 Be7 8. Na3
a6 9. Rc1 O-O 10. Bb1 Rd8 11. Qe2 Nf8 12. e5 Nd5 13. Bg3 Bd7 14. Rfd1 Rac8 15.
dxc5 Qxc5 16. exd6 Bxd6 17. Bxd6 Qxd6 18. Nc4 Qc7 19. Nce5 Be8 20. Nd3 b5 21.
Qe5 Qb7 22. Rd2 Ng6 23. Qg3 Nf6 24. Nf4 Rxd2 25. Nxd2 Nxf4 26. Qxf4 Bc6 27. f3
Rd8 28. Qe3 Qe7 29. Rd1 g6 30. Bc2 Nd5 31. Qf2 Nf4 32. Kf1 Qd6 33. Qe3 Nd5 34.
Qh6 Qe5 35. Re1 Qf4 36. Qxf4 Nxf4 37. Nb3 Bd5 38. Nd4 Bxa2 39. Kf2 Bc4 40. g3
Nh5 41. f4 Nf6 42. Ra1 Rd6 43. Rd1 Bd5 44. h3 Rb6 45. b4 Bc4 46. Bd3 Rd6 47.
Ke3 Nd5+ 48. Kd2 Nxb4 49. Bxc4 bxc4 50. Ra1 Nd3 51. Ke3 Nc5 52. Ra5 Nb3 53. Ra4
Nxd4 54. cxd4 Rc6 55. Kd2 c3+ 56. Kc2 Kg7 57. Rb4 h5 58. Rb7 Rc4 59. Ra7 h4 60.
gxh4 Rxd4 61. Rxa6 Rxf4 62. Rc6 Rf3 0-1

[Event "Canadian Open ch 2007"]
[Site "Ottawa CAN"]
[Date "2007.07.15"]
[Round "10"]
[White "Shomoev, Anton"]
[Black "Critelli, James"]
[Result "1-0"]
[WhiteElo "2561"]
[BlackElo "2262"]
[PlyCount "109"]
[EventDate "2007.07.07"]
[EventType "swiss"]
[EventRounds "9"]
[EventCountry "CAN"]
[Source "lmi"]
[SourceDate "2007.07.07"]

1. d4 Nf6 2. c4 e6 3. Nf3 b6 4. g3 Ba6 5. b3 Bb7 6. Bg2 Bb4+ 7. Bd2 a5 8. O-O
O-O 9. Qc2 d6 10. Bc3 Nbd7 11. Rd1 Ra7 12. a3 Bxc3 13. Nxc3 c6 14. e4 Qc7 15.
Rd2 Raa8 16. Re1 e5 17. Red1 Rad8 18. Nh4 g6 19. Nf3 Rfe8 20. Qb2 Kg7 21. h3
Ba6 22. Nh2 b5 23. cxb5 cxb5 24. dxe5 dxe5 25. Rd6 Nc5 26. Rxd8 Rxd8 27. Nd5
Nxd5 28. exd5 f6 29. Ng4 b4 30. axb4 axb4 31. Qd2 Qd6 32. Qh6+ Kg8 33. Rc1 Rc8
34. Qe3 Kg7 35. h4 Rc7 36. Qh6+ Kg8 37. h5 Bd3 38. Qe3 Kg7 39. Rxc5 Rxc5 40.
Qxd3 f5 41. h6+ Kf7 42. Ne3 Rc3 43. Qb5 Rxb3 44. Nc4 Rb1+ 45. Kh2 Qf8 46. Qd7+
Kg8 47. Qe6+ Kh8 48. Qxe5+ Kg8 49. Qf4 Qf6 50. Nd2 Rb2 51. Ne4 Qf8 52. Nd6 b3
53. Nc4 Rc2 54. d6 Qf7 55. d7 1-0

[Event "Canadian Open ch 2007"]
[Site "Ottawa CAN"]
[Date "2007.07.15"]
[Round "10"]
[White "O Donnell, Tom"]
[Black "Mai, Lloyd"]
[Result "1-0"]
[WhiteElo "2427"]
[BlackElo "2230"]
[PlyCount "113"]
[EventDate "2007.07.07"]
[EventType "swiss"]
[EventRounds "9"]
[EventCountry "CAN"]
[Source "lmi"]
[SourceDate "2007.07.07"]

1. d4 Nf6 2. c4 g6 3. Nc3 Bg7 4. e4 d6 5. Nf3 O-O 6. Be2 e5 7. O-O Nc6 8. d5
Ne7 9. b4 Nh5 10. Re1 f5 11. Ng5 Nf4 12. g3 Nxe2+ 13. Qxe2 h6 14. Ne6 Bxe6 15.
dxe6 Rf6 16. c5 Rxe6 17. Qc4 Qd7 18. cxd6 cxd6 19. Nd5 Nxd5 20. Qxd5 fxe4 21.
Rxe4 Kh7 22. Be3 Rf6 23. Rd1 Re6 24. Rc4 Bf6 25. Rdc1 Bd8 26. h4 a6 27. a4 Rf6
28. a5 Rf7 29. Rd1 Bf6 30. Bb6 Bd8 31. Qxd6 Qxd6 32. Rxd6 Bxb6 33. Rxb6 Raf8
34. Rc2 h5 35. Re6 Rf5 36. Re2 Kg7 37. R6xe5 Rxe5 38. Rxe5 Kf6 39. Rc5 Rf7 40.
Kg2 Ke6 41. b5 Kd6 42. Rg5 axb5 43. Rxb5 Kc7 44. Rb6 Rg7 45. f4 Kd8 46. Re6 Kd7
47. Re5 Rg8 48. Rg5 Ra8 49. Kf3 Ke7 50. Rb5 Kf6 51. Ke4 Re8+ 52. Kd4 Ra8 53.
Kc5 Kf5 54. Kb6+ Kg4 55. Rg5+ Kf3 56. Kxb7 Rg8 57. a6 1-0

[Event "Canadian Open ch 2007"]
[Site "Ottawa CAN"]
[Date "2007.07.15"]
[Round "10"]
[White "Ivkov, Borislav"]
[Black "Vincent, Trevor"]
[Result "1/2-1/2"]
[WhiteElo "2414"]
[BlackElo "2199"]
[PlyCount "125"]
[EventDate "2007.07.07"]
[EventType "swiss"]
[EventRounds "9"]
[EventCountry "CAN"]
[Source "lmi"]
[SourceDate "2007.07.07"]

1. Nf3 c5 2. e4 Nc6 3. d3 g6 4. Be2 Bg7 5. O-O Nf6 6. c3 O-O 7. Nbd2 d5 8. a3
b6 9. Re1 e5 10. b4 d4 11. cxd4 Nxd4 12. bxc5 bxc5 13. a4 Nxe2+ 14. Qxe2 Ba6
15. Nc4 Bxc4 16. dxc4 Qc7 17. Nd2 Bh6 18. Nb1 Bxc1 19. Rxc1 Rab8 20. Nc3 Rb4
21. Qf3 Qc6 22. Rc2 Kg7 23. Nd5 Nxd5 24. cxd5 Qxa4 25. Qc3 Qe8 26. f3 Rb5 27.
Rxa7 Qb8 28. Ra6 Rc8 29. d6 c4 30. h4 Rd8 31. Rd2 Qb7 32. Rda2 Rb1+ 33. Kh2 Qb5
34. R2a5 Qb2 35. Qxe5+ Qxe5+ 36. Rxe5 Rd1 37. Rc5 R1xd6 38. Rxd6 Rxd6 39. Rxc4
h5 40. Rc2 Rd1 41. Kg3 Rh1 42. Rc7 Kf6 43. Rc6+ Ke5 44. Rc5+ Ke6 45. Ra5 Kf6
46. Rb5 Ke6 47. Rb6+ Ke5 48. Ra6 Rf1 49. Ra5+ Ke6 50. Kf4 Rf2 51. g3 Kf6 52.
Ra6+ Ke7 53. Ra3 Kf6 54. Rb3 Rf1 55. Rb6+ Ke7 56. Ra6 Rf2 57. Ke3 Rg2 58. Rb6
Rxg3 59. Rb7+ Ke6 60. Rb6+ Ke7 61. Rb7+ Ke6 62. Rb6+ Ke7 63. Rb7+ 1/2-1/2

[Event "Canadian Open ch 2007"]
[Site "Ottawa CAN"]
[Date "2007.07.15"]
[Round "10"]
[White "Davies, Alex"]
[Black "Atalik, Ekaterina"]
[Result "1/2-1/2"]
[WhiteElo "2224"]
[BlackElo "2400"]
[PlyCount "74"]
[EventDate "2007.07.07"]
[EventType "swiss"]
[EventRounds "9"]
[EventCountry "CAN"]
[Source "lmi"]
[SourceDate "2007.07.07"]

1. e4 e5 2. Nf3 Nc6 3. Bb5 a6 4. Ba4 Nf6 5. O-O Be7 6. Re1 b5 7. Bb3 O-O 8. d4
Nxd4 9. Bxf7+ Rxf7 10. Nxe5 Ne6 11. Nxf7 Kxf7 12. e5 Bb7 13. exf6 Bxf6 14. Nc3
Kg8 15. Nd5 Bd4 16. Rxe6 dxe6 17. Qxd4 Qxd5 18. Qxd5 Bxd5 19. Be3 a5 20. a3 a4
21. Rc1 Kf7 22. f3 Ra6 23. Kf2 Rc6 24. Bd4 Rc4 25. c3 g5 26. h3 Kg6 27. Be5 h6
28. Re1 Kf5 29. g4+ Kg6 30. Re3 Rc5 31. Bd4 Rc6 32. Be5 Bc4 33. Re1 Rc5 34. Bd4
Rc6 35. Be5 Rc5 36. Bd4 Rc6 37. Be5 Rc5 1/2-1/2

[Event "Canadian Open ch 2007"]
[Site "Ottawa CAN"]
[Date "2007.07.15"]
[Round "10"]
[White "Cheng, Bindi"]
[Black "Hua, Lefong"]
[Result "1-0"]
[WhiteElo "2238"]
[BlackElo "2348"]
[PlyCount "83"]
[EventDate "2007.07.07"]
[EventType "swiss"]
[EventRounds "9"]
[EventCountry "CAN"]
[Source "lmi"]
[SourceDate "2007.07.07"]

1. Nf3 Nf6 2. d4 c5 3. e3 g6 4. Bd3 Bg7 5. O-O O-O 6. b3 b6 7. Bb2 Bb7 8. Nbd2
d6 9. c4 cxd4 10. exd4 d5 11. Qe2 Nc6 12. Rac1 Rc8 13. Rfe1 Re8 14. Qe3 e6 15.
a3 Rc7 16. h3 Qc8 17. Qg5 Na5 18. c5 Ne4 19. Qf4 Nxc5 20. Bf1 e5 21. Nxe5 Ne6
22. Qe3 Nc6 23. Ndf3 Nxe5 24. dxe5 Ba6 25. Rxc7 Nxc7 26. Qd2 Bxf1 27. Rxf1 Qd7
28. Rd1 Rd8 29. Ng5 Ne6 30. Ne4 Qb5 31. Nf6+ Kh8 32. f4 d4 33. Ng4 h5 34. f5
hxg4 35. fxe6 Qxb3 36. exf7 Qxf7 37. Qg5 Re8 38. Rxd4 Qe7 39. Qxg6 gxh3 40. e6
h2+ 41. Kh1 Rf8 42. Rh4+ 1-0

[Event "Canadian Open ch 2007"]
[Site "Ottawa CAN"]
[Date "2007.07.15"]
[Round "10"]
[White "Thavandiran, Shiyam"]
[Black "Demmery, Steve"]
[Result "1-0"]
[WhiteElo "2337"]
[BlackElo "2124"]
[PlyCount "147"]
[EventDate "2007.07.07"]
[EventType "swiss"]
[EventRounds "9"]
[EventCountry "CAN"]
[Source "lmi"]
[SourceDate "2007.07.07"]

1. e4 g6 2. d4 Bg7 3. Nc3 d6 4. g3 Nf6 5. Bg2 O-O 6. Nge2 Na6 7. h3 c5 8. Be3
cxd4 9. Bxd4 Nc7 10. O-O Be6 11. a4 Qd7 12. g4 Bc4 13. Re1 Rfd8 14. Nd5 e5 15.
Be3 Ne6 16. Nec3 Nxd5 17. Nxd5 Bxd5 18. Qxd5 Nf4 19. Bxf4 exf4 20. c3 Be5 21.
Red1 Rac8 22. Qb3 Rc5 23. Rd3 Rdc8 24. Rad1 Qc6 25. Rd5 Qc7 26. Bf1 Qe7 27. Kg2
Kg7 28. R1d3 R8c7 29. Kf3 Rc4 30. Rd1 R4c6 31. a5 a6 32. Bd3 Qh4 33. Bf1 Qf6
34. R1d3 Qe7 35. Ke2 Rc4 36. Bg2 f5 37. f3 h5 38. Kd1 fxe4 39. fxe4 hxg4 40.
hxg4 Qh4 41. Bf3 Qf2 42. Kc1 Bd4 43. Kb1 Qf1+ 44. Kc2 Qf2+ 45. Kb1 Qf1+ 46. Qd1
Qxd1+ 47. Rxd1 Be5 48. g5 R7c5 49. Kc2 Kf7 50. Be2 Rxe4 51. Bf3 Ra4 52. Rxc5
dxc5 53. Rd7+ Ke8 54. Rxb7 Rxa5 55. Be4 Ra1 56. Bxg6+ Kf8 57. Bd3 a5 58. g6 Rg1
59. Rf7+ Ke8 60. Bb5+ Kd8 61. Rd7+ Kc8 62. Rd5 Bc7 63. Bd3 Rg2+ 64. Kb3 f3 65.
Rf5 f2 66. Be4 c4+ 67. Ka2 Rg1 68. Rxf2 Rg5 69. Rf8+ Bd8 70. Bf5+ Kc7 71. Rf7+
Kc6 72. g7 Bc7 73. Rf6+ Kc5 74. Rg6 1-0

[Event "Canadian Open ch 2007"]
[Site "Ottawa CAN"]
[Date "2007.07.15"]
[Round "10"]
[White "Mikanovic, Goran"]
[Black "Barclay, Wayne"]
[Result "1/2-1/2"]
[WhiteElo "2325"]
[BlackElo "2212"]
[PlyCount "108"]
[EventDate "2007.07.07"]
[EventType "swiss"]
[EventRounds "9"]
[EventCountry "CAN"]
[Source "lmi"]
[SourceDate "2007.07.07"]

1. d4 Nf6 2. c4 e6 3. Nc3 Bb4 4. Qc2 d5 5. cxd5 exd5 6. Bg5 O-O 7. a3 Be7 8. e3
Re8 9. Bd3 h6 10. Bh4 c6 11. Nge2 Ne4 12. Bxe7 Qxe7 13. Bxe4 dxe4 14. Ng3 f5
15. O-O Qg5 16. Rae1 Be6 17. f3 exf3 18. Rxf3 Rf8 19. Nge2 Nd7 20. Nf4 Bf7 21.
Rg3 Qf6 22. Rf3 Rae8 23. Qf2 g5 24. Qg3 Kh7 25. Nd3 f4 26. exf4 Qxd4+ 27. Qf2
Rxe1+ 28. Nxe1 Qxf2+ 29. Rxf2 Re8 30. Nc2 gxf4 31. Rxf4 Bg6 32. g4 Nc5 33. Rf2
Re7 34. Nd4 Nd3 35. Rd2 Kg7 36. Kg2 Rd7 37. Nf3 Ne1+ 38. Kg3 Rxd2 39. Nxd2 Nd3
40. b4 Kf6 41. Nf3 Ne5 42. h4 Nxf3 43. Kxf3 Ke5 44. Ke3 b6 45. Ne2 c5 46. bxc5
bxc5 47. Nf4 Bf7 48. g5 hxg5 49. hxg5 c4 50. g6 Bg8 51. g7 Kf6 52. Kd4 Kxg7 53.
Ne2 Kf6 54. Nc3 Ke7 1/2-1/2